000
00466nam a2200157Ia 4500
008
100122s9999 xx 000 0 und d
082
_b
33503
_a
823
100
_a
सप्रे मधुवंती
245
_a
सुवर्ण पिंपळ
250
_a
1
260
_b
प्रिया प्रकाशन
_c
1905
300
_a
128
630
_a
सुवर्ण पिंपळ
730
_a
सुवर्ण पिंपळ
942
_c
BOOK
999
_c
417558
_d
417555